000 00783nam a22002417a 4500
001 50958
003 UA-OsUOA
005 20210504180039.0
007 ta
008 20071130b un ||||| |||| 00| 0 ukr d
040 _aUA-OsUOA
_bukr
_cUA-OsUOA
_dUA-OsUOA
041 _aukr
080 _a82-94
090 _a82-94
_bГ67
100 _aГорбашевський Ю.
245 _aБитва за Буковину. Мої Спогади. Про драму українців під окупаціями чужинців
260 _aЧернівці
_c2003
300 _a220 с.
650 7 _a82 Література. Літературознавство
_2UDC
942 _cBK
_2udc
955 _a3
999 _c337016
_d337016